[Event "Police Gniota Memorial 33rd"]
[Site "Police"]
[Date "2018.07.12"]
[Round "2"]
[White "Dzhuguryan, Tygran"]
[Black "Graf, Pawel"]
[Result "1/2-1/2"]
[WhiteElo "2178"]
[BlackElo "2069"]
[PlyCount "130"]
[EventDate "2018.07.11"]
[EventType "swiss"]
[EventRounds "9"]
[EventCountry "POL"]
[SourceTitle "CBM 185 Extra"]
[Source "ChessBase"]
[SourceDate "2018.07.29"]
[SourceVersion "1"]
[SourceVersionDate "2018.07.29"]
[SourceQuality "1"]

1. d4 c5 2. d5 e5 3. c4 d6 4. e4 Be7 5. g3 Bg5 6. Nd2 Ne7 7. h4 Bh6 8. g4 Bf4 9. Nh3 f6 10. Nxf4 exf4 11. h5 g5 12. hxg6 Nxg6 13. f3 Nd7 14. Nb1 Nde5 15. Nc3 Qe7 16. Rh5 Bd7 17. Be2 0-0-0 18. Kd2 Nf7 19. Kc2 Ng5 20. Qh1 Be8 21. Rh6 Qg7 22. Bd2 Nf7 23. Rh2 Ng5 24. Rf1 a6 25. a4 b6 26. b3 Bd7 27. Rff2 Rde8 28. Qc1 Kc7 29. Bxf4 Nxf4 30. Qxf4 h5 31. Rfg2 hxg4 32. fxg4 Rxh2 33. Rxh2 Rh8 34. Rh5 Re8 35. Rh1 Rh8 36. Rxh8 Qxh8 37. Kd2 Qh6 38. Kc2 Qg6 39. Kd3 Nf7 40. Nd1 Ne5+ 41. Kd2 Nxg4 42. Bxg4 Bxg4 43. Ne3 Bd7 44. Ke2 Qh5+ 45. Kf2 Qg6 46. Nf5 Bxf5 47. exf5 Qh5 48. Kg3 Qe2 49. Qf3 Qe1+ 50. Kg4 Qe7 51. Kh4 b5 52. axb5 axb5 53. cxb5 Kb6 54. Qd3 Qh7+ 55. Kg4 Qh2 56. Qe4 Qg1+ 57. Kh3 Kxb5 58. Qa4+ Kb6 59. Qc6+ Ka5 60. Qxd6 Qe3+ 61. Qg3 Qh6+ 62. Kg2 Qd2+ 63. Kf1 Qxd5 64. Qc3+ Kb5 65. Qxf6 Qf3+ 1/2-1/2

[Event "Police Gniota Memorial 30th"]
[Site "Police"]
[Date "2015.07.11"]
[Round "4"]
[White "Graf, Pawel"]
[Black "Wacior, Maciej"]
[Result "1-0"]
[WhiteElo "2094"]
[BlackElo "1934"]
[PlyCount "73"]
[EventDate "2015.07.08"]
[EventType "swiss"]
[EventRounds "9"]
[EventCountry "POL"]
[SourceTitle "CBM 167 Extra"]
[Source "ChessBase"]
[SourceDate "2015.09.14"]
[SourceVersion "1"]
[SourceVersionDate "2015.09.14"]
[SourceQuality "1"]

1. e4 c6 2. d3 d5 3. Nd2 Nf6 4. e5 Nfd7 5. d4 e6 6. f4 c5 7. Ngf3 cxd4 8. Nxd4 Nxe5 9. Nxe6 Bxe6 10. fxe5 Bc5 11. Qe2 Nc6 12. Nb3 Bb6 13. Bf4 Qc7 14. 0-0-0 0-0-0 15. a3 Kb8 16. Kb1 Ka8 17. g3 h6 18. h4 Rhg8 19. h5 Rc8 20. Bh3 a5 21. Bxe6 fxe6 22. Rh2 a4 23. Nc1 Nd4 24. Qd3 Qc6 25. Na2 Nb5 26. Nb4 Qc4 27. Qxc4 Rxc4 28. c3 Ba5 29. Nxd5 exd5 30. Rxd5 Nxc3+ 31. bxc3 Bxc3 32. Rc2 b6 33. e6 Rd4 34. Rd7 Rxd7 35. exd7 Rd8 36. Rxc3 Rxd7 37. Rc7 1-0

[Event "Police Gniota Memorial 30th"]
[Site "Police"]
[Date "2015.07.10"]
[Round "3"]
[White "Weichhold, Pawel"]
[Black "Graf, Pawel"]
[Result "1-0"]
[WhiteElo "2418"]
[BlackElo "2094"]
[PlyCount "59"]
[EventDate "2015.07.08"]
[EventType "swiss"]
[EventRounds "9"]
[EventCountry "POL"]
[SourceTitle "CBM 167 Extra"]
[Source "ChessBase"]
[SourceDate "2015.09.14"]
[SourceVersion "1"]
[SourceVersionDate "2015.09.14"]
[SourceQuality "1"]

1. e4 e6 2. d4 d5 3. Nc3 Nc6 4. e5 f6 5. Bb5 Qd7 6. Nf3 a6 7. Bxc6 bxc6 8. 0-0 f5 9. Re1 Nh6 10. Na4 Nf7 11. c3 Be7 12. Nc5 Bxc5 13. dxc5 Qe7 14. Nd4 0-0 15. b4 Bd7 16. a4 g6 17. Ba3 Kg7 18. Qd3 h5 19. c4 Nd8 20. cxd5 exd5 21. e6 Bxe6 22. Bb2 Kh7 23. Qc3 Rg8 24. Re2 Qd7 25. Rae1 Bf7 26. Re7 Qc8 27. Nf3 Kh6 28. Bc1+ g5 29. Qf6+ Rg6 30. Qh8# 1-0

[Event "Police Gniota Memorial 28th"]
[Site "Police"]
[Date "2013.07.10"]
[Round "1"]
[White "Chojnacki, Krzysztof"]
[Black "Graf, Pawel"]
[Result "1-0"]
[WhiteElo "2442"]
[BlackElo "2108"]
[PlyCount "71"]
[EventDate "2013.07.10"]
[EventType "swiss"]
[EventRounds "9"]
[EventCountry "POL"]
[SourceTitle "CBM 155 Extra"]
[Source "ChessBase"]
[SourceDate "2013.08.26"]
[SourceVersion "1"]
[SourceVersionDate "2013.08.26"]
[SourceQuality "1"]

1. d4 d5 2. c4 c6 3. Nf3 Nf6 4. Qc2 g6 5. Bf4 Bg7 6. e3 0-0 7. Bd3 dxc4 8. Bxc4 Bf5 9. Qb3 b5 10. Be2 Nbd7 11. 0-0 a6 12. a4 Nd5 13. Bg3 N5b6 14. a5 Nd5 15. Nbd2 N5f6 16. Qa3 Rc8 17. Rac1 Ne4 18. Nxe4 Bxe4 19. Rfd1 Bd5 20. Ne1 Qe8 21. Nd3 e5 22. dxe5 Nxe5 23. Nb4 Qe6 24. Nxa6 Rfe8 25. Nc5 Qe7 26. Qb4 Nd7 27. Nd3 Qxb4 28. Nxb4 Bxb2 29. Rb1 Bc3 30. Nxd5 cxd5 31. Bxb5 Red8 32. Rxd5 Nf6 33. Rxd8+ Rxd8 34. a6 Ra8 35. Be2 Ne4 36. Rb8+ 1-0

[Event "Police Gniota Memorial 27th"]
[Site "Police"]
[Date "2012.07.16"]
[Round "6"]
[White "Korbal, Arkadiusz"]
[Black "Graf, Pawel"]
[Result "1-0"]
[WhiteElo "2127"]
[BlackElo "2120"]
[PlyCount "197"]
[EventDate "2012.07.11"]
[EventType "swiss"]
[EventRounds "9"]
[EventCountry "POL"]
[SourceTitle "CBM 149 Extra"]
[Source "ChessBase"]
[SourceDate "2012.08.24"]
[SourceVersion "1"]
[SourceVersionDate "2012.08.24"]
[SourceQuality "1"]

1. d4 d5 2. c4 e6 3. Nf3 Nf6 4. g3 dxc4 5. Qa4+ Nbd7 6. Bg2 a6 7. Qxc4 b5 8. Qc2 Ra7 9. 0-0 c5 10. Bf4 Bb7 11. a4 Qa8 12. axb5 axb5 13. Rxa7 Qxa7 14. Nc3 Qa6 15. dxc5 Bxc5 16. Qb3 b4 17. Na4 Be7 18. Qd1 0-0 19. b3 Rd8 20. Qc2 Rc8 21. Qd1 Bf8 22. Ne5 Bxg2 23. Kxg2 Nxe5 24. Bxe5 Qc6+ 25. Kg1 Ne4 26. Nb2 f6 27. Bf4 Nc3 28. Qc2 Qb5 29. Nc4 Ra8 30. Qd3 e5 31. Bc1 e4 32. Qc2 Qh5 33. Re1 Ra1 34. Kg2 Bc5 35. Qd2 h6 36. Qd7 Rxc1 37. Rxc1 Nxe2 38. Qe6+ Kh8 39. g4 Qg5 40. Qc8+ Kh7 41. Re1 Nf4+ 42. Kf1 Nd3 43. Ra1 Nxf2 44. Qf5+ Qxf5 45. gxf5 Nd3 46. Nd2 Bd4 47. Ra8 Nc5 48. Re8 Bc3 49. Nxe4 Nxe4 50. Rxe4 h5 51. Rc4 g6 52. fxg6+ Kxg6 53. Kf2 Kg5 54. Kf3 Kf5 55. Rc5+ Kg6 56. Ke4 Be1 57. Rc1 Bd2 58. Rg1+ Kh6 59. Kf5 Bc3 60. h4 Kh7 61. Ke6 Bd4 62. Rg2 Bc3 63. Kf5 Bd4 64. Rg6 Bf2 65. Rxf6 Bxh4 66. Rf7+ Kh6 67. Rb7 Be1 68. Rb6+ Kg7 69. Kg5 Kf7 70. Kxh5 Ke7 71. Rc6 Kd7 72. Rc4 Kd6 73. Kg4 Kd5 74. Kf3 Bc3 75. Ke3 Be1 76. Kd3 Bc3 77. Rg4 Be1 78. Rg5+ Kd6 79. Kc4 Kc6 80. Rg6+ Kc7 81. Kb5 Bc3 82. Rh6 Be1 83. Rh7+ Kd6 84. Kb6 Bd2 85. Rh3 Bc3 86. Rd3+ Ke6 87. Kb5 Ke7 88. Kc4 Ke6 89. Rxc3 bxc3 90. Kxc3 Kd6 91. Kb4 Kc7 92. Kb5 Kb7 93. b4 Ka7 94. Kc6 Kb8 95. Kb6 Ka8 96. Kc7 Ka7 97. b5 Ka8 98. Kb6 Kb8 99. Ka6 1-0

[Event "Police Gniota Memorial 27th"]
[Site "Police"]
[Date "2012.07.11"]
[Round "1"]
[White "Graf, Pawel"]
[Black "Vysochin, Spartak"]
[Result "1-0"]
[WhiteElo "2120"]
[BlackElo "2533"]
[PlyCount "105"]
[EventDate "2012.07.11"]
[EventType "swiss"]
[EventRounds "9"]
[EventCountry "POL"]
[SourceTitle "CBM 149 Extra"]
[Source "ChessBase"]
[SourceDate "2012.08.24"]
[SourceVersion "1"]
[SourceVersionDate "2012.08.24"]
[SourceQuality "1"]

1. e4 e6 2. d4 d5 3. Nc3 Bb4 4. e5 c5 5. a3 Bxc3+ 6. bxc3 Ne7 7. Nf3 b6 8. a4 0-0 9. Bd3 h6 10. h4 Ba6 11. g4 Bxd3 12. Qxd3 Nbc6 13. h5 cxd4 14. cxd4 f6 15. exf6 Rxf6 16. g5 Rxf3 17. Qxf3 Nxd4 18. Qd3 Nef5 19. Bb2 e5 20. Bxd4 Nxd4 21. c3 Ne6 22. gxh6 e4 23. Qg3 Qf6 24. hxg7 Ng5 25. h6 Kh7 26. Kf1 Nf3 27. Kg2 Qf7 28. Qg4 Ne5 29. Qh5 Qf6 30. Rad1 Rd8 31. Rh3 Ng6 32. Kf1 Re8 33. Rg3 e3 34. Qe2 Qh4 35. g8Q+ Rxg8 36. Qxe3 Rf8 37. Rd4 Qh1+ 38. Rg1 Qh5 39. Rdg4 Rf6 40. Qd3 Qxh6 41. Rxg6 Rxg6 42. Qxg6+ Qxg6 43. Rxg6 Kxg6 44. Ke2 Kf5 45. Ke3 Ke5 46. Kd3 a6 47. Ke3 b5 48. axb5 axb5 49. Kd3 d4 50. cxd4+ Kd5 51. f4 Ke6 52. Kc3 Kf5 53. d5 1-0

[Event "Police Gniota Memorial 26th"]
[Site "Police"]
[Date "2011.07.11"]
[Round "7"]
[White "Graf, Pawel"]
[Black "Figura, Atila Gajo"]
[Result "0-1"]
[WhiteElo "2141"]
[BlackElo "2358"]
[PlyCount "86"]
[EventDate "2011.07.05"]
[EventType "swiss"]
[EventRounds "9"]
[EventCountry "POL"]
[SourceTitle "CBM 143 Extra"]
[Source "ChessBase"]
[SourceDate "2011.08.29"]
[SourceVersion "1"]
[SourceVersionDate "2011.08.29"]
[SourceQuality "1"]

1. e4 c5 2. a3 g6 3. b4 Bg7 4. Nc3 d6 5. Rb1 Nf6 6. Nf3 0-0 7. bxc5 dxc5 8. Bc4 Nc6 9. 0-0 Nd4 10. h3 Nd7 11. Nd5 e6 12. Ne3 b6 13. Re1 Bb7 14. d3 Kh8 15. Nxd4 cxd4 16. Ng4 Rc8 17. Bf4 e5 18. Bd2 h5 19. Nh2 Nc5 20. Bb4 f5 21. exf5 Qg5 22. f3 gxf5 23. Qd2 Qg6 24. Bxc5 Rxc5 25. Rb5 Rxb5 26. Bxb5 Bh6 27. Qb4 Rg8 28. Re2 Qf6 29. Bc4 Rg7 30. Qb5 Re7 31. Bd5 Be3+ 32. Kh1 Bc8 33. Qc6 Qxc6 34. Bxc6 Rc7 35. Bb5 Rc3 36. a4 f4 37. Nf1 Be6 38. Kh2 Ba2 39. h4 Bb1 40. Nxe3 fxe3 41. Kg3 Bxc2 42. f4 e4 43. dxe4 Bxe4 0-1

[Event "Police Gniota Memorial 25th"]
[Site "Police"]
[Date "2010.07.09"]
[Round "3"]
[White "Graf, Pawel"]
[Black "Kula, Robert"]
[Result "1/2-1/2"]
[WhiteElo "2137"]
[BlackElo "2368"]
[PlyCount "49"]
[EventDate "2010.07.07"]
[EventType "swiss"]
[EventRounds "9"]
[EventCountry "POL"]
[SourceTitle "EXT 2011"]
[Source "ChessBase"]
[SourceDate "2010.11.26"]
[SourceVersion "1"]
[SourceVersionDate "2010.11.26"]
[SourceQuality "1"]

1. e4 e5 2. Nc3 Nc6 3. g3 Bc5 4. Bg2 d6 5. Nge2 a6 6. d3 Nge7 7. 0-0 0-0 8. Nd5 Nxd5 9. exd5 Ne7 10. d4 exd4 11. Nxd4 Ng6 12. f4 Re8 13. Kh1 Qf6 14. Nb3 Bb6 15. Rb1 Bd7 16. Nd2 Qf5 17. Nc4 Ba7 18. Bd2 Re4 19. b3 b5 20. Qf3 Rae8 21. Ne5 Rd4 22. Nd3 Rde4 23. Ne5 Rd4 24. Nd3 Rde4 25. Ne5 1/2-1/2

[Event "Poznan op-A 17th"]
[Site "Poznan"]
[Date "2008.07.20"]
[Round "2"]
[White "Graf, Pawel"]
[Black "Zdanowicz, Lukasz"]
[Result "1-0"]
[WhiteElo "2147"]
[BlackElo "2059"]
[PlyCount "115"]
[EventDate "2008.07.19"]
[EventType "swiss"]
[EventRounds "9"]
[EventCountry "POL"]
[SourceTitle "EXT 2009"]
[Source "ChessBase"]
[SourceDate "2008.11.26"]
[SourceVersion "1"]
[SourceVersionDate "2008.11.26"]
[SourceQuality "1"]

1. e4 c6 2. d3 d5 3. Nd2 e5 4. g3 Bd6 5. Bg2 Nf6 6. Ngf3 0-0 7. 0-0 Nbd7 8. c3 Qc7 9. b4 a5 10. bxa5 Qxa5 11. Bb2 Nc5 12. Qc2 Na4 13. Nb3 Qa6 14. exd5 Nxd5 15. d4 Nxb2 16. Qxb2 Ba3 17. Qc2 Qc4 18. Nxe5 Qxc3 19. Qe2 Bb2 20. Rad1 Nb4 21. Qh5 Rxa2 22. Nc5 Nd5 23. Ncd7 Bxd7 24. Nxd7 Rd8 25. Bxd5 cxd5 26. Qxd5 Qa5 27. Qxb7 Qf5 28. Ne5 h6 29. Nc6 Rd7 30. Ne7+ Kf8 31. Qxb2 Qe6 32. Qb8+ Kxe7 33. d5 Qd6 34. Rfe1+ Kf6 35. Qb1 Rda7 36. Rd4 g6 37. Qd3 Kg7 38. Rd1 R7a3 39. Qf1 Rf3 40. R4d3 Rfxf2 41. Qxf2 Rxf2 42. Kxf2 g5 43. Rd4 Kg6 44. R1d3 f5 45. h3 Kf6 46. Rc3 Qe5 47. Rcd3 Qd6 48. Kf3 Ke5 49. Rc4 Qa6 50. Rcd4 Qa1 51. Rd1 Qc3+ 52. R4d3 Qc4 53. d6 g4+ 54. hxg4 Qxg4+ 55. Kf2 f4 56. Re1+ Kf6 57. d7 fxg3+ 58. Kg2 1-0

[Event "Police Gniota Memorial 23rd"]
[Site "Police"]
[Date "2008.07.13"]
[Round "6"]
[White "Graf, Pawel"]
[Black "Jacek, Krystian"]
[Result "1/2-1/2"]
[WhiteElo "2147"]
[BlackElo "1987"]
[PlyCount "107"]
[EventDate "2008.07.09"]
[EventType "swiss"]
[EventRounds "9"]
[EventCountry "POL"]
[SourceTitle "CBM 125 Extra"]
[Source "ChessBase"]
[SourceDate "2008.09.01"]
[SourceVersion "1"]
[SourceVersionDate "2008.09.01"]
[SourceQuality "1"]

1. e4 e5 2. Nf3 Nc6 3. Bb5 a6 4. Ba4 Nf6 5. 0-0 b5 6. Bb3 Be7 7. Qe2 0-0 8. c3 d6 9. Rd1 Na5 10. Bc2 c5 11. d4 Qc7 12. b3 cxd4 13. cxd4 Bg4 14. Be3 Rac8 15. Bd3 d5 16. Nbd2 Nc6 17. dxe5 Nxe5 18. Bd4 Nxd3 19. Qxd3 dxe4 20. Nxe4 Rfd8 21. h3 Bh5 22. Ng3 Bg6 23. Qe2 Nd5 24. Be5 Qb7 25. Rac1 Bf6 26. Bxf6 Nxf6 27. Rxd8+ Rxd8 28. Qe5 Rc8 29. Re1 Qd5 30. Qe7 h6 31. Qa7 Rc2 32. a4 Ne4 33. Nxe4 Bxe4 34. axb5 axb5 35. Qb8+ Kh7 36. Re3 Rb2 37. Qf4 Bxf3 38. Qxf3 Qxf3 39. Rxf3 Kg6 40. Kf1 f6 41. Ke1 Kf7 42. Re3 g6 43. h4 h5 44. g3 f5 45. Kf1 Kf6 46. Kg2 g5 47. hxg5+ Kxg5 48. Rd3 Rb1 49. Kf3 Rb2 50. Ke3 Kf6 51. f4 b4 52. Kd4 Rc2 53. Ke3 Ke6 54. Kd4 1/2-1/2

[Event "Rowy op-A 17th"]
[Site "Rowy"]
[Date "2008.06.15"]
[Round "2.6"]
[White "Graf, Pawel"]
[Black "Raszkiewicz, Agnieszka"]
[Result "1/2-1/2"]
[WhiteElo "2147"]
[BlackElo "1833"]
[PlyCount "50"]
[EventDate "2008.06.14"]
[EventType "swiss"]
[EventRounds "9"]
[EventCountry "POL"]
[SourceTitle "EXT 2023"]
[Source "ChessBase"]
[SourceDate "2022.10.05"]
[SourceVersion "1"]
[SourceVersionDate "2022.10.05"]
[SourceQuality "1"]

1. e4 c5 2. Nf3 Nc6 3. d4 cxd4 4. Nxd4 Nf6 5. Nc3 d6 6. Bc4 e6 7. 0-0 Be7 8. Be3 a6 9. a4 Bd7 10. Bb3 0-0 11. Qe2 Rc8 12. Nxc6 Bxc6 13. a5 Qe8 14. Bf4 d5 15. exd5 Nxd5 16. Nxd5 Bxd5 17. Bxd5 exd5 18. c3 Bf6 19. Qf3 Qb5 20. Bd6 Rfd8 21. Bb4 d4 22. Rad1 dxc3 23. Rxd8+ Rxd8 24. Bxc3 Bxc3 25. Qxc3 h6 1/2-1/2

[Event "Rowy op-A 17th"]
[Site "Rowy"]
[Date "2008.06.14"]
[Round "1.6"]
[White "Krzywkowski, Marcin"]
[Black "Graf, Pawel"]
[Result "0-1"]
[WhiteElo "1889"]
[BlackElo "2147"]
[PlyCount "86"]
[EventDate "2008.06.14"]
[EventType "swiss"]
[EventRounds "9"]
[EventCountry "POL"]
[SourceTitle "EXT 2023"]
[Source "ChessBase"]
[SourceDate "2022.10.05"]
[SourceVersion "1"]
[SourceVersionDate "2022.10.05"]
[SourceQuality "1"]

1. e4 e5 2. Nf3 Nc6 3. Bb5 a6 4. Ba4 Nf6 5. 0-0 d6 6. c3 Be7 7. Re1 Bg4 8. d3 0-0 9. Nbd2 b5 10. Bc2 Rb8 11. h3 Bd7 12. Nf1 b4 13. d4 Re8 14. Ng3 h6 15. Be3 Bf8 16. Rc1 a5 17. Qd2 bxc3 18. bxc3 Rb2 19. Rb1 Rxa2 20. d5 Ne7 21. Qd1 a4 22. Rb4 a3 23. Bb3 Rb2 24. Qa1 c5 25. Qxa3 cxb4 26. Qxb2 bxc3 27. Qxc3 Qb8 28. Rb1 Rc8 29. Qe1 Qc7 30. Nd2 Rb8 31. Bc4 Ng6 32. Qe2 Nf4 33. Bxf4 Rxb1+ 34. Nxb1 exf4 35. Nf5 Bxf5 36. exf5 Qc8 37. Qd3 Nd7 38. Bb5 Ne5 39. Qe4 Qc1+ 40. Kh2 Be7 41. Be2 Qe1 42. Bd3 Qxf2 43. Nc3 Qg3+ 0-1